| 000 | 00651nam a2200181Ia 4500 | ||
|---|---|---|---|
| 008 | 090124s9999 xx 000 0 und d | ||
| 082 | _b41738 | ||
| 100 | _aदांडेकर गो. नी. | ||
| 245 | _a सुबोध श्रीगुरुचरित्र | ||
| 250 | _a1 | ||
| 260 |
_bअशोक केशव कोठावळे _c1974 |
||
| 300 | _a425 | ||
| 600 | _aदांडेकर गो. नी. | ||
| 630 | _a सुबोध श्रीगुरुचरित्र | ||
| 700 | _aदांडेकर गो. नी. | ||
| 730 | _a सुबोध श्रीगुरुचरित्र | ||
| 942 | _cBOOK | ||
| 999 |
_c107913 _d107913 |
||